000 00580nam a22001937a 4500
999 _c9232
_d9232
003 AR-CdUCM
008 190327b ||||| |||| 00| 0 spa d
020 _a978-612-4299-78-0
040 _aMUNICIPALIDAD PROVINCIAL DEL CUSCO
_cBIBLIOTECA MUNICIPAL DEL CUSCO
082 _aSI-0049 /
_bESL /muñ
100 _aEslava, Jorge
_925304
245 _aEl muñeco ; La cajita /
260 _aLima :
_bSantillana,
_c2017.
300 _a23 páginas ;
_bIlustraciones.
_c22.5 cm.
650 _aCuentos Infantiles
_93830
650 _aSiglo XXI
_92856
942 _2ddc
_cLIBROS
945 _aafb